Ensuring full recovery under the ECC (Record no. 117997)

MARC details
000 -LEADER
fixed length control field 01218cam a2200241 4500
001 - CONTROL NUMBER
control field ABS68183
008 - FIXED-LENGTH DATA ELEMENTS--GENERAL INFORMATION
fixed length control field 040914n2004 000 0 eng u
035 ## - SYSTEM CONTROL NUMBER
System control number (Sirsi) u127397
100 ## - MAIN ENTRY--PERSONAL NAME
Personal name Bowcott, J.
245 ## - TITLE STATEMENT
Title Ensuring full recovery under the ECC
260 ## - PUBLICATION, DISTRIBUTION, ETC.
Date of publication, distribution, etc. 2004
490 ## - SERIES STATEMENT
Series statement Construction Law Review
Volume/sequential designation 2004, 66-67(2)
520 ## - SUMMARY, ETC.
Summary, etc. Looks at how a main or subcontractor can recover additional costs, created by increased expenditure under the Engineering and Construction Contract (ECC), if he was not responsible for the events that caused these losses. Identifies some of the issues which arise, such as: variations; breach of contract; failure to give access to an area by a required date; trades working out of sequence; affecting efficient installation by others; and failure of the project manager to issue instructions in good time. Recommends early identification of these problems as the key to dealing with them.
590 ## - LOCAL NOTE (RLIN)
Local note ABS
590 ## - LOCAL NOTE (RLIN)
Local note ABS
650 ## - SUBJECT ADDED ENTRY--TOPICAL TERM
Topical term or geographic name entry element ENGINEERING AND CONSTRUCTION CONTRACT
650 ## - SUBJECT ADDED ENTRY--TOPICAL TERM
Topical term or geographic name entry element VARIATIONS
650 ## - SUBJECT ADDED ENTRY--TOPICAL TERM
Topical term or geographic name entry element BREACH OF CONTRACT
650 ## - SUBJECT ADDED ENTRY--TOPICAL TERM
Topical term or geographic name entry element SUBCONTRACTORS
650 ## - SUBJECT ADDED ENTRY--TOPICAL TERM
Topical term or geographic name entry element ADDITIONAL COSTS
690 ## - LOCAL SUBJECT ADDED ENTRY--TOPICAL TERM (OCLC, RLIN)
Topical term or geographic name as entry element BUILDING AND CONSTRUCTION-CONTRACTS
942 ## - ADDED ENTRY ELEMENTS (KOHA)
Suppress in OPAC 0
Holdings
Withdrawn status Lost status Source of classification or shelving scheme Damaged status Not for loan Home library Current library Shelving location Date acquired Total Checkouts Full call number Barcode Date last seen Copy number Price effective from Koha item type
    Dewey Decimal Classification     London London Journal article 14/09/2004   ABS68183 127397-1001 06/08/2019 1 06/08/2019 Journal article